000 00532nam a22001937a 4500
003 OSt
005 20180116183028.0
008 151216b xxu||||| |||| 00| 0 eng d
020 _a02-573-97-1
024 _202-573-97-1
040 _cLahore LUMS
082 _a 174.4 LUM 1997
100 _aSipra N, Shah T
245 _aKOHINOOR ENERGY LIMITED
_cSipra N, Shah T
260 _aLahore LUMS
_bLahore University of Management Sciences
_c1997
300 _a13 p.
_bPapers
440 _aKOHINOOR ENERGY LIMITED
942 _2ddc
_cCS
999 _c350898
_d350898